[Event "aston294"]
[Site "SchemingMind.com"]
[Date "2010.02.11"]
[Round "-"]
[White "chessleon"]
[Black "aston294"]
[Result "1-0"]
[WhiteCountry "NED"]
[BlackCountry "ENG"]
[WhiteElo "1528"]
[WhiteRD "82"]
[BlackElo "947"]
[BlackRD "78"]
[GameID "238610"]

1. e4 e5 2. Nf3 Nc6 3. Bb5 a6 4. Ba4 Nf6 5. O-O Nxe4 6. d4 Nxd4 7. Nxd4 c5 8. Nf5 g6 9. Nd6+ Bxd6 10. f3 Nf6
11. Qxd6 Qe7 12. Qxe7+ Kxe7 13. Bg5 h6 14. Bxf6+ Kxf6 15. Nc3
1-0

[Event "aston294"]
[Site "SchemingMind.com"]
[Date "2010.02.11"]
[Round "-"]
[White "aston294"]
[Black "chessleon"]
[Result "0-1"]
[WhiteCountry "ENG"]
[BlackCountry "NED"]
[WhiteElo "947"]
[WhiteRD "78"]
[BlackElo "1528"]
[BlackRD "82"]
[GameID "238611"]

1. d4 Nf6 2. Nf3 g6 3. Nc3 Bg7 4. Ne5 d6 5. Nf3 O-O 6. e4 c6 7. Bc4 d5 8. exd5 cxd5 9. Bb5 a6 10. Bd3 Bg4
11. h3 Bxf3 12. Qxf3 Nc6 13. O-O Nxd4 14. Qe3 Nc6 15. Re1 e5
0-1

[Event "aston294"]
[Site "SchemingMind.com"]
[Date "2010.02.13"]
[Round "-"]
[White "Orhany24"]
[Black "aston294"]
[Result "1-0"]
[WhiteCountry "TUR"]
[BlackCountry "ENG"]
[WhiteElo "1781"]
[WhiteRD "82"]
[BlackElo "969"]
[BlackRD "76"]
[GameID "238836"]

1. e4 e5 2. Nf3 Nc6 3. d4 exd4 4. Nxd4 Nxd4 5. Qxd4 Nf6 6. Bc4 c5 7. Qd1 Nxe4 8. O-O Nd6 9. Re1+ Be7 10. Qxd6 f5
11. Bg5 Rf8 12. Rxe7+ Qxe7 13. Qxe7#
1-0

[Event "aston294"]
[Site "SchemingMind.com"]
[Date "2010.02.13"]
[Round "-"]
[White "Orhany24"]
[Black "chessleon"]
[Result "1-0"]
[WhiteCountry "TUR"]
[BlackCountry "NED"]
[WhiteElo "1766"]
[WhiteRD "85"]
[BlackElo "1528"]
[BlackRD "82"]
[GameID "238837"]

1. e4 c5 2. Nf3 e6 3. d4 cxd4 4. Nxd4 a6 5. c4 Bc5 6. Be3 Qc7 7. Nc3 Nf6 8. Be2 O-O 9. O-O b6 10. Rc1 Bb7
11. f3 Nc6 12. Qd2 Ne5 13. a3 Bxd4 14. Bxd4 Nxc4 15. Bxc4 b5 16. Ba2 Qd8 17. Qg5 h6 18. Qg3 d5 19. exd5 Bxd5 20. Nxd5 exd5
21. b4 Nh5 22. Qg4 g6 23. Bb1 Nf6 24. Qh4 Kg7 25. Rc6 g5 26. Bxf6+ Qxf6 27. Rxf6 Kxf6 28. Qxh6+ Ke7 29. Qxg5+ Kd6 30. Rd1 f5
31. Bxf5 Rae8 32. Be4 Rg8 33. Qxd5+ Kc7 34. Qb7#
1-0

[Event "aston294"]
[Site "SchemingMind.com"]
[Date "2010.02.13"]
[Round "-"]
[White "aston294"]
[Black "Orhany24"]
[Result "0-1"]
[WhiteCountry "ENG"]
[BlackCountry "TUR"]
[WhiteElo "969"]
[WhiteRD "76"]
[BlackElo "1781"]
[BlackRD "82"]
[GameID "238838"]

1. d4 d5 2. Nc3 f5 3. Nf3 Nf6 4. Ne5 e6 5. Nb5 a6 6. Nc3 Bd6 7. e4 O-O 8. g3 Nxe4 9. Nf3 c5 10. Nxe4 fxe4
11. Nd2 Nc6 12. dxc5 Bxc5 13. Be2 Bxf2+
0-1

[Event "aston294"]
[Site "SchemingMind.com"]
[Date "2010.02.13"]
[Round "-"]
[White "chessleon"]
[Black "Orhany24"]
[Result "0-1"]
[WhiteCountry "NED"]
[BlackCountry "TUR"]
[WhiteElo "1446"]
[WhiteRD "86"]
[BlackElo "1767"]
[BlackRD "84"]
[GameID "238839"]

1. e4 e5 2. Nf3 Nc6 3. Bb5 a6 4. Ba4 Nf6 5. O-O b5 6. Bb3 Bc5 7. c3 O-O 8. d4 exd4 9. cxd4 Bb6 10. e5 Ne4
11. Re1 d5 12. exd6 Nxd6 13. Be3 Bg4 14. Bd5 Bd7 15. Ne5 Qe8 16. Qc2 Nc4 17. Nxc4 Nxd4 18. Bxd4 Qxe1#
0-1

[Event "aston294"]
[Site "SchemingMind.com"]
[Date "2010.02.13"]
[Round "-"]
[White "Black Knight"]
[Black "Orhany24"]
[Result "1-0"]
[WhiteCountry "USA"]
[BlackCountry "TUR"]
[WhiteElo "1371"]
[WhiteRD "62"]
[BlackElo "1781"]
[BlackRD "82"]
[GameID "238892"]

1. e4 e5 2. Nf3 Nc6 3. Bb5 a6 4. Ba4 Nf6 5. O-O b5 6. Bb3 Be7 7. a3 O-O 8. Nc3 d6 9. d3 Bb7 10. Bd2 h6
11. Nd5 Nb8 12. Re1 c6 13. Nxf6+ Bxf6 14. Ba2 Nd7 15. Bb4 c5 16. Bc3 Re8 17. Bd2 Kh7 18. Bxf7 Rf8 19. Ba2 Qe7 20. b3 Qe8
21. c4 Qh5 22. Ng5+ Qxg5 23. Bxg5 Bxg5 24. g3 Rf7 25. cxb5 axb5 26. b4 Rff8 27. h4 Be7 28. Qd2 Rf3 29. Re3 Raf8 30. Rxf3 Rxf3
31. Qe2 Rf8 32. d4 c4 33. a4 Bc6 34. d5 Bb7 35. axb5
1-0

[Event "aston294"]
[Site "SchemingMind.com"]
[Date "2010.02.14"]
[Round "-"]
[White "Black Knight"]
[Black "chessleon"]
[Result "1-0"]
[WhiteCountry "USA"]
[BlackCountry "NED"]
[WhiteElo "1371"]
[WhiteRD "62"]
[BlackElo "1467"]
[BlackRD "84"]
[GameID "238894"]

1. e4 c5 2. Nf3 d6 3. Bb5+ Bd7 4. Bxd7+ Nxd7 5. O-O Ngf6 6. Nc3 g6 7. d3 Bg7 8. Bd2 O-O 9. Re1 a6 10. Rb1 b5
11. a3 Qb6 12. Nd5 Nxd5 13. exd5 Rfe8 14. Be3 Nf6 15. c4 bxc4 16. b4 Qc7 17. dxc4 cxb4 18. Rxb4 a5 19. Rb5 Qxc4 20. Nd4 Nd7
21. Qc1 Qd3 22. Rb3 Qa6 23. Nb5 Nc5 24. Bxc5 dxc5 25. Nc7 Qd6 26. Nxe8 Rxe8 27. Rb5 Qxd5 28. Rxc5 Qa8 29. Qd2 a4 30. Ra5 Qc6
31. Rc1 Qe4 32. Re1 Qc4 33. Rc1 Qb3 34. Qc2 Qxa3 35. Rxa4 Qd6 36. Rd1 Qe6 37. Qa2 Qf5 38. g3 Qc2 39. Qxc2
1-0

[Event "aston294"]
[Site "SchemingMind.com"]
[Date "2010.02.13"]
[Round "-"]
[White "Orhany24"]
[Black "Black Knight"]
[Result "1-0"]
[WhiteCountry "TUR"]
[BlackCountry "USA"]
[WhiteElo "1767"]
[WhiteRD "84"]
[BlackElo "1297"]
[BlackRD "61"]
[GameID "238895"]

1. e4 e5 2. Nf3 Nc6 3. d4 exd4 4. Nxd4 Be7 5. c4 Nxd4 6. Qxd4 Bf6 7. e5 Qe7 8. f4 d6 9. Be2 g6 10. exf6 Nxf6
11. O-O O-O 12. Nc3 c5 13. Qd1 Ne4 14. Nd5 Qd8 15. Bd3 Nf6 16. f5 Nxd5 17. cxd5 Qb6 18. Kh1 Qd8 19. Bh6 Re8 20. Qf3 Re5
21. fxg6
1-0

[Event "aston294"]
[Site "SchemingMind.com"]
[Date "2010.02.14"]
[Round "-"]
[White "chessleon"]
[Black "Black Knight"]
[Result "1/2-1/2"]
[WhiteCountry "NED"]
[BlackCountry "USA"]
[WhiteElo "1528"]
[WhiteRD "82"]
[BlackElo "1365"]
[BlackRD "63"]
[GameID "238897"]

1. e4 c5 2. Nf3 e6 3. d4 cxd4 4. Nxd4 Nc6 5. c4 d5 6. cxd5 Nxd4 7. Qa4+ Nc6 8. dxc6 bxc6 9. Qxc6+ Bd7 10. Qc4 Rc8
11. Qb3 Rb8 12. Qc2 Nf6 13. Nc3 Rc8 14. Bd3 Bb4 15. Bd2 O-O 16. O-O Bxc3 17. Bxc3 Bc6 18. e5 Nd5 19. Bxh7+ Kh8 20. Qd3 Nxc3
21. Qxc3 Bxg2 22. Rfd1 Qg5 23. Qg3 Qxg3 24. hxg3 g6 25. Kxg2 Kxh7 26. Rh1+ Kg7 27. Rh4 g5 28. Rah1 gxh4 29. Rxh4 Rh8 30. Rg4+ Kf8
31. Ra4 Rc2 32. Rxa7 Rxb2 33. a4 Rh5 34. Ra8+ Kg7 35. a5 Rf5 36. a6 Rxe5 37. a7 Ra2 38. Kf3 Ra3+ 39. Kf4 Rd5 40. f3 Ra4+
41. Ke3 Ra3+ 42. Ke4 Rb5 43. f4 Ra4+ 44. Kf3 Rb3+ 45. Kg4 f5+ 46. Kh4 e5 47. Kg5 Rxg3+ 48. Kh4 Rg4+ 49. Kh5 exf4 50. Rb8 Rxa7
51. Rb7+ Rxb7
1/2-1/2

[Event "aston294"]
[Site "SchemingMind.com"]
[Date "2010.02.20"]
[Round "-"]
[White "crespov"]
[Black "Orhany24"]
[Result "0-1"]
[WhiteCountry "CHI"]
[BlackCountry "TUR"]
[WhiteElo "1653"]
[WhiteRD "78"]
[BlackElo "1767"]
[BlackRD "84"]
[GameID "239443"]

1. d4 d5 2. c4 e6 3. Nf3 h6 4. e3 Nf6 5. Nc3 c5 6. Be2 Be7 7. O-O O-O 8. a3 b6 9. Rb1 Bb7 10. b4 Nbd7
11. Re1 Rb8 12. h3 a6 13. Nh2 Nh7 14. b5 a5 15. a4 f5 16. f3 Nhf6 17. g4 fxg4 18. fxg4 dxc4 19. Bxc4 Ne4 20. Bxe6+ Kh8
21. Bb2 Nf2
0-1

[Event "aston294"]
[Site "SchemingMind.com"]
[Date "2010.02.23"]
[Round "-"]
[White "crespov"]
[Black "aston294"]
[Result "1-0"]
[WhiteCountry "CHI"]
[BlackCountry "ENG"]
[WhiteElo "1679"]
[WhiteRD "77"]
[BlackElo "947"]
[BlackRD "78"]
[GameID "239444"]

1. c4 Nf6 2. Nc3 Nc6 3. d3 e5 4. e4 Nd4 5. Nge2 Nxe2 6. Bxe2 Bb4 7. Bd2 d6 8. O-O Bg4 9. Bxg4 Nxg4 10. Qxg4 h5
11. Qxg7 Rf8 12. Bh6 a5 13. Qxf8+ Kd7 14. Qxf7+ Qe7 15. Qf5+ Kd8 16. Bg5 Bxc3 17. Bxe7+
1-0

[Event "aston294"]
[Site "SchemingMind.com"]
[Date "2010.02.22"]
[Round "-"]
[White "crespov"]
[Black "chessleon"]
[Result "1-0"]
[WhiteCountry "CHI"]
[BlackCountry "NED"]
[WhiteElo "1659"]
[WhiteRD "77"]
[BlackElo "1467"]
[BlackRD "84"]
[GameID "239445"]

1. e4 c5 2. Nf3 e6 3. d4 cxd4 4. Nxd4 a6 5. Nc3 Qc7 6. Bd3 Nf6 7. O-O Be7 8. Qf3 Nc6 9. Nde2 Ne5 10. Qg3 Nh5
11. Qh3 g6 12. Bh6 Bf8 13. Bxf8 Kxf8 14. f4 Nxd3 15. cxd3 Kg7 16. Rac1 Nf6 17. Qe3 Ng4 18. Qd4+ f6 19. h3 e5 20. fxe5 Nxe5
21. Nf4 Rf8 22. Qb4 a5 23. Qe7+ Rf7 24. Qa3 d6 25. Qb3 g5 26. Ne6+ Bxe6 27. Qd1 Qb6+ 28. Kh1 Qxb2 29. Rc2 Qb6 30. Qd2 Rc8
31. Rb1 Qc7 32. Rbc1 Qd7 33. Ne2 Rxc2 34. Qxc2 b5 35. Nd4 Bxh3 36. gxh3 Qxh3+ 37. Qh2 Qxd3 38. Nf5+ Kf8 39. Rc8#
1-0

[Event "aston294"]
[Site "SchemingMind.com"]
[Date "2010.02.20"]
[Round "-"]
[White "crespov"]
[Black "Black Knight"]
[Result "1-0"]
[WhiteCountry "CHI"]
[BlackCountry "USA"]
[WhiteElo "1653"]
[WhiteRD "78"]
[BlackElo "1297"]
[BlackRD "61"]
[GameID "239446"]

1. c4 e5 2. Nc3 f5 3. g3 Nf6 4. Bg2 c6 5. d3 d5 6. cxd5 Nxd5 7. e4 Nxc3 8. bxc3 Be6 9. Ne2 fxe4 10. Bxe4 Bd6
11. O-O O-O 12. Qc2 Nd7 13. Be3 Nc5 14. Bxc5 Bxc5 15. d4 exd4 16. cxd4 Bxd4 17. Rad1 c5 18. Nxd4 cxd4 19. Bxh7+ Kh8 20. Rfe1 Rf6
21. Re5 g6 22. Bxg6 Qd6 23. Rde1 Kg7 24. Bd3 Rc8 25. Qd2 Rg8 26. Qg5+ Kf7 27. Qh5+ Ke7 28. Qh7+
1-0

[Event "aston294"]
[Site "SchemingMind.com"]
[Date "2010.02.20"]
[Round "-"]
[White "Orhany24"]
[Black "crespov"]
[Result "1-0"]
[WhiteCountry "TUR"]
[BlackCountry "CHI"]
[WhiteElo "1781"]
[WhiteRD "82"]
[BlackElo "1659"]
[BlackRD "77"]
[GameID "239447"]

1. e4 c5 2. Nf3 Nc6 3. c3 e6 4. d4 d5 5. exd5 Qxd5 6. Be2 Nf6 7. O-O Be7 8. c4 Qd8 9. Be3 cxd4 10. Nxd4 Nxd4
11. Bxd4 O-O 12. Nc3 a6 13. Be3 Qc7 14. Rc1 Bd7 15. Qb3 Bc6 16. Rfd1 Bd6 17. g3 h6 18. c5 Be7 19. Bf1 Rad8 20. Bg2 Bxg2
21. Kxg2 Ng4 22. Bf4 Qc6+ 23. Kg1 g5 24. Bd2 Rd3 25. Be1 Rfd8 26. Rxd3 Rxd3 27. Qc4 Ne5 28. Qe4 Qxe4 29. Nxe4 f5 30. Nd6 Bxd6
31. cxd6 Rxd6 32. Rc8+ Kf7 33. Bb4 Rb6 34. Bc3 Nc6 35. Rc7+ Kg6 36. h3 Nb4 37. g4 Nd5 38. Rg7#
1-0

[Event "aston294"]
[Site "SchemingMind.com"]
[Date "2010.02.20"]
[Round "-"]
[White "aston294"]
[Black "crespov"]
[Result "0-1"]
[WhiteCountry "ENG"]
[BlackCountry "CHI"]
[WhiteElo "947"]
[WhiteRD "78"]
[BlackElo "1679"]
[BlackRD "77"]
[GameID "239448"]

1. d4 d5 2. Nf3 Nc6 3. Nc3 e6 4. Ne5 Nf6 5. Nxc6 bxc6 6. e3 c5 7. dxc5 Bxc5 8. Bb5+ Bd7 9. a4 O-O 10. O-O Rb8
11. f4 Ne4 12. Nxe4 dxe4 13. Bxd7 c6 14. Bxc6 Qb6 15. a5 Qxc6 16. h4 f5 17. Bd2 Rfd8
0-1

[Event "aston294"]
[Site "SchemingMind.com"]
[Date "2010.02.20"]
[Round "-"]
[White "chessleon"]
[Black "crespov"]
[Result "0-1"]
[WhiteCountry "NED"]
[BlackCountry "CHI"]
[WhiteElo "1446"]
[WhiteRD "86"]
[BlackElo "1653"]
[BlackRD "78"]
[GameID "239449"]

1. e4 c5 2. Nf3 Nc6 3. d4 cxd4 4. Nxd4 e5 5. Nb5 d6 6. N1c3 Nf6 7. Bg5 Be7 8. Bxf6 gxf6 9. Nd5 Qa5+ 10. c3 O-O
11. b4 Qd8 12. Nxe7+ Nxe7 13. Nxd6 Ng6 14. Nxc8 Rxc8 15. Qb3 Qc7 16. c4 a6 17. Be2 Nf4 18. Qg3+ Kh8 19. Qh4 Nxg2+
0-1

[Event "aston294"]
[Site "SchemingMind.com"]
[Date "2010.02.20"]
[Round "-"]
[White "Black Knight"]
[Black "crespov"]
[Result "0-1"]
[WhiteCountry "USA"]
[BlackCountry "CHI"]
[WhiteElo "1297"]
[WhiteRD "61"]
[BlackElo "1653"]
[BlackRD "78"]
[GameID "239450"]

1. e4 c5 2. Nf3 Nc6 3. Bb5 e6 4. O-O Nf6 5. Bxc6 dxc6 6. Nc3 Be7 7. d3 O-O 8. b3 Qc7 9. Re1 Bd7 10. h3 b5
11. a3 a5 12. Ne2 h6 13. Ng3 Rfd8 14. Be3 Nh7 15. Qe2 Nf8 16. c4 Ng6 17. Qb2 Bd6 18. Bd2 Ne5 19. Qc2 Nxf3+ 20. gxf3 Bxg3
21. Re3 Bf4 22. Re2 Qd6 23. Qc1 e5 24. Bxf4 exf4 25. Qb2 Bxh3 26. Kh2 Bd7 27. Qc1 g5 28. Rd2 Qe6 29. Qh1 Kh7 30. Kg1 Qg6
31. Kf1 Be6 32. Ke2 Rd7 33. Qg2 Rad8 34. Rad1 f5 35. cxb5 cxb5 36. Rb2 c4 37. bxc4 bxc4 38. Rbd2 c3 39. Rc2 Bb3
0-1

[Event "aston294"]
[Site "SchemingMind.com"]
[Date "2010.02.21"]
[Round "-"]
[White "Schaakmaatje"]
[Black "Orhany24"]
[Result "1/2-1/2"]
[WhiteCountry "NED"]
[BlackCountry "TUR"]
[WhiteElo "1724"]
[WhiteRD "54"]
[BlackElo "1747"]
[BlackRD "84"]
[GameID "239626"]

1. d4 d5 2. c4 e6 3. Nc3 h6 4. e4 dxe4 5. Nxe4 Nf6 6. Nxf6+ Qxf6 7. Nf3 Bb4+ 8. Bd2 a5 9. Be2 O-O 10. O-O b6
11. Ne5 Bb7 12. Be3 Bd6 13. Ng4 Qh4 14. c5 bxc5 15. dxc5 Be7 16. Bf3 Bxf3 17. Qxf3 c6 18. Ne5 Qf6 19. Qe4 Rc8 20. Rad1 Rd8
21. Nxc6 Nxc6 22. Qxc6 Qxb2 23. Rxd8+ Rxd8 24. Qa4 Qb4 25. Qc6 Bf6 26. Qb6 Qa4 27. Qb3 Qc6 28. Qb6 Qa4 29. c6 Rc8 30. c7 Qd7
31. Rb1 Qxc7 32. Qxc7 Rxc7 33. g3 a4 34. Rb8+ Kh7 35. Ra8 Rc4 36. Ra7 Kg6 37. Kf1 Bd4 38. Bxd4 Rxd4 39. Ke2 f5 40. Ke3 Re4+
41. Kd3 Kf6 42. f3 Rb4 43. Kc3 Rb1 44. Rxa4 Rh1 45. Rd4 Rxh2 46. a4 Ra2 47. Kb3 Ra1 48. Kb2 Rf1 49. a5 Rf2+ 50. Kb3 Rxf3+
51. Kb4 e5 52. Rc4 e4 53. a6 e3 54. a7 e2 55. Rc1 Rf1 56. Rc6+ Kf7 57. Rc7+ Kf6 58. Rc6+ Kf7 59. Rc7+ Kf6 60. Rc6+ Kf7
1/2-1/2

[Event "aston294"]
[Site "SchemingMind.com"]
[Date "2010.02.21"]
[Round "-"]
[White "Schaakmaatje"]
[Black "crespov"]
[Result "1/2-1/2"]
[WhiteCountry "NED"]
[BlackCountry "CHI"]
[WhiteElo "1762"]
[WhiteRD "46"]
[BlackElo "1679"]
[BlackRD "77"]
[GameID "239627"]

1. e4 c5 2. Nf3 Nc6 3. d4 cxd4 4. Nxd4 e5 5. Nb5 d6 6. c4 a6 7. N5c3 Nf6 8. Be2 Be7 9. O-O O-O 10. Be3 h6
11. Nd2 Nh7 12. f4 f5 13. Nf3 g5 14. fxe5 Nxe5 15. Qd5+ Kg7 16. Nd4 f4 17. Bd2 Nf6 18. Ne6+ Bxe6 19. Qxe6 Rf7 20. Rad1 Qb6+
21. Kh1 Re8 22. Qh3 Qxb2 23. Bxf4 gxf4 24. Rxf4 b5 25. cxb5 axb5 26. Bxb5 Rb8 27. a4 Ng6 28. Rff1 Qb4=
1/2-1/2

[Event "aston294"]
[Site "SchemingMind.com"]
[Date "2010.02.22"]
[Round "-"]
[White "Schaakmaatje"]
[Black "chessleon"]
[Result "1-0"]
[WhiteCountry "NED"]
[BlackCountry "NED"]
[WhiteElo "1736"]
[WhiteRD "50"]
[BlackElo "1536"]
[BlackRD "81"]
[GameID "239629"]

1. d4 Nf6 2. c4 e6 3. Nc3 Bb4 4. Bg5 O-O 5. Qc2 d5 6. e3 c5 7. a3 Bxc3+ 8. bxc3 Nc6 9. Nf3 cxd4 10. cxd4 h6
11. Bh4 g5 12. Bg3 Ne4 13. Bd3 Nxg3 14. hxg3 g4 15. Nd2 Qf6 16. f4 gxf3 17. gxf3 dxc4 18. Bxc4 Bd7 19. Qe4 Na5 20. Bd3 Qg7
21. Ke2 Bc6 22. Qf4 a6 23. Rxh6 Bd5 24. Rah1 f5 25. R1h5 Nc6 26. Rg5 Ne7 27. Rxg7+ Kxg7 28. Qg5+ Kf7 29. Rh7+ Ke8 30. Qxe7#
1-0

[Event "aston294"]
[Site "SchemingMind.com"]
[Date "2010.02.22"]
[Round "-"]
[White "Schaakmaatje"]
[Black "Black Knight"]
[Result "1-0"]
[WhiteCountry "NED"]
[BlackCountry "USA"]
[WhiteElo "1724"]
[WhiteRD "49"]
[BlackElo "1371"]
[BlackRD "62"]
[GameID "239630"]

1. e4 e5 2. f4 d6 3. Nf3 Bg4 4. Bc4 Nf6 5. d3 Be7 6. O-O O-O 7. Nc3 Nc6 8. Be3 a6 9. Qd2 b5 10. Bb3 Bxf3
11. Rxf3 Ng4 12. Raf1 Nxe3 13. Qxe3 Nd4 14. Rh3 Nxb3 15. axb3 b4 16. Nd5 c6 17. Nxe7+ Qxe7 18. f5 f6 19. Rff3 h6 20. Rfg3 Rf7
21. Rxh6
1-0

[Event "aston294"]
[Site "SchemingMind.com"]
[Date "2010.02.21"]
[Round "-"]
[White "Orhany24"]
[Black "Schaakmaatje"]
[Result "0-1"]
[WhiteCountry "TUR"]
[BlackCountry "NED"]
[WhiteElo "1766"]
[WhiteRD "85"]
[BlackElo "1762"]
[BlackRD "46"]
[GameID "239631"]

1. e4 c6 2. d4 d5 3. exd5 cxd5 4. h3 Nf6 5. Nf3 Nc6 6. Bd3 h6 7. O-O e6 8. a3 Bd6 9. c4 O-O 10. Nc3 dxc4
11. Bxc4 a6 12. b4 b5 13. Bb3 Bb7 14. Be3 Rc8 15. Rc1 Ne7 16. Ne5 Ned5 17. Nxd5 Bxd5 18. Bxd5 Nxd5 19. Nd3 Nc3 20. Qh5 Qf6
21. Ne5 Rfd8 22. g4 Ne2+ 23. Kg2 Nxc1 24. Bxc1 Rc2 25. g5 Qf5 26. h4 Bxe5 27. dxe5 Qxe5 28. Qg4 Rd4
0-1

[Event "aston294"]
[Site "SchemingMind.com"]
[Date "2010.02.21"]
[Round "-"]
[White "crespov"]
[Black "Schaakmaatje"]
[Result "1-0"]
[WhiteCountry "CHI"]
[BlackCountry "NED"]
[WhiteElo "1663"]
[WhiteRD "74"]
[BlackElo "1736"]
[BlackRD "50"]
[GameID "239632"]

1. c4 e5 2. Nc3 Nf6 3. d3 c6 4. e4 Bc5 5. Bg5 h6 6. Be3 Bxe3 7. fxe3 O-O 8. Nf3 d6 9. Be2 Nbd7 10. O-O Nh7
11. d4 Re8 12. Bd3 Ndf8 13. Qc2 Bg4 14. b4 Ng5 15. Nxg5 Qxg5 16. Rae1 Ng6 17. d5 Nh4 18. Qf2 Re7 19. Ne2 Nf3+ 20. gxf3 Bh3+
21. Kh1 Bxf1 22. Rxf1 Ree8 23. f4 Qe7 24. f5 f6 25. Ng3 Rf8 26. Rg1 Kh8 27. Be2 Rg8 28. Qg2 g6 29. fxg6 Rxg6 30. Qh3 Qh7
31. Bg4 Rg5 32. Nf5 h5 33. Bf3 Rag8 34. Rxg5 Rxg5 35. Nxd6 Qg8 36. Bg2 Qg7 37. Nf5 Qg8 38. Ng3 Kh7 39. Nxh5
1-0

[Event "aston294"]
[Site "SchemingMind.com"]
[Date "2010.02.26"]
[Round "-"]
[White "aston294"]
[Black "Schaakmaatje"]
[Result "0-1"]
[WhiteCountry "ENG"]
[BlackCountry "NED"]
[WhiteElo "947"]
[WhiteRD "78"]
[BlackElo "1762"]
[BlackRD "46"]
[GameID "239633"]

1. d4 Nf6 2. Nf3 d5 3. Nc3 Bf5 4. Ne5 e6 5. e3 Be7 6. Bb5+ c6 7. Bxc6+ bxc6 8. O-O O-O 9. Nxc6 Nxc6 10. g4 Bg6
0-1

[Event "aston294"]
[Site "SchemingMind.com"]
[Date "2010.02.26"]
[Round "-"]
[White "chessleon"]
[Black "Schaakmaatje"]
[Result "0-1"]
[WhiteCountry "NED"]
[BlackCountry "NED"]
[WhiteElo "1536"]
[WhiteRD "81"]
[BlackElo "1736"]
[BlackRD "50"]
[GameID "239634"]

1. e4 c6 2. d4 d5 3. exd5 cxd5 4. Nf3 Nc6 5. c4 Bg4 6. cxd5 Qa5+ 7. Bd2 Qxd5 8. Nc3 Qd8 9. d5 Ne5 10. Be2 Bxf3
11. gxf3 Nf6 12. Bf4 Ng6 13. Bg3 h5 14. h3 Qa5 15. Bb5+ Nd7 16. O-O h4 17. Bh2 Rd8 18. Qb3 a6 19. Bxd7+ Rxd7 20. Qc4 Qd8
21. Rad1 Rh5 22. d6 exd6 23. Rfe1+ Be7 24. Nd5 Kf8 25. Qg4 Rg5 26. Qxg5 Bxg5 27. f4 Bf6 28. f5 Ne5 29. f4 Nf3+ 30. Kg2 Nxe1+
31. Rxe1 Bxb2 32. Re2 Bf6 33. Bg1 b5 34. Bb6 Qa8 35. Rd2 Bc3 36. Rd3 Bb4 37. Kf2 Bc5+ 38. Bxc5 dxc5 39. Nb6 Rxd3 40. Nxa8 Rxh3
41. Nc7 Ra3 42. Nd5 Rxa2+ 43. Kg1 b4 44. Kf1 a5 45. Nb6 Ke7 46. Nc4 a4 47. Ke1 h3 48. Ne3 h2
0-1

[Event "aston294"]
[Site "SchemingMind.com"]
[Date "2010.02.21"]
[Round "-"]
[White "Black Knight"]
[Black "Schaakmaatje"]
[Result "0-1"]
[WhiteCountry "USA"]
[BlackCountry "NED"]
[WhiteElo "1371"]
[WhiteRD "62"]
[BlackElo "1724"]
[BlackRD "49"]
[GameID "239635"]

1. e4 c5 2. Nf3 e6 3. Bc4 d5 4. Bb5+ Bd7 5. Bxd7+ Nxd7 6. O-O Bd6 7. d4 cxd4 8. Nxd4 Qc7 9. exd5 Bxh2+ 10. Kh1 exd5
11. g3 Bxg3 12. Re1+ Be5 13. f4 Ne7 14. fxe5 Nxe5 15. Bf4 N7g6 16. Bxe5 Nxe5 17. Nb5 Qb8 18. N1c3 O-O 19. Qxd5 Ng4 20. Qc5 Qh2#
0-1

[Event "aston294"]
[Site "SchemingMind.com"]
[Date "2010.02.25"]
[Round "-"]
[White "olivsan"]
[Black "Orhany24"]
[Result "0-1"]
[WhiteCountry "BRA"]
[BlackCountry "TUR"]
[WhiteElo "1578"]
[WhiteRD "78"]
[BlackElo "1747"]
[BlackRD "84"]
[GameID "239802"]

1. e4 e5 2. Nf3 Nc6 3. Bc4 Bc5 4. c3 Nf6 5. d3 O-O 6. O-O d5 7. exd5 Nxd5 8. Bg5 Be7 9. Bxe7 Ndxe7 10. a3 Bg4
11. h3 Bh5 12. Nbd2 Kh8 13. Ne4 h6 14. Re1 f5 15. Nc5 Bf7 16. Nxb7 Qc8 17. Nc5 Bxc4 18. dxc4 e4 19. Nd4 Ne5 20. Nde6 Rf6
21. Qd4 Rxe6 22. Nxe6 Qxe6 23. b3 N7c6 24. Qc5 Rd8 25. Qe3 Rd3 26. Qc1 Qg6 27. Kf1 Na5 28. Rb1 Nac6 29. Qf4 Rxc3 30. Qd2 Rd3
31. Qf4 Qf6 32. a4 g5 33. Qc1 Nd4 34. Rd1 Qd6 35. c5 Qd5 36. Rxd3 Nxd3 37. Qc3 Kh7 38. b4 c6 39. Ra1 Nb3 40. Rb1 Ndxc5
41. bxc5 Nd2+ 42. Ke2 Nxb1 43. Qc1 Qd3+ 44. Ke1 Nc3 45. Qd2 Nxa4 46. Qxd3 exd3 47. Kd2 Nxc5
0-1

[Event "aston294"]
[Site "SchemingMind.com"]
[Date "2010.02.23"]
[Round "-"]
[White "olivsan"]
[Black "crespov"]
[Result "1-0"]
[WhiteCountry "BRA"]
[BlackCountry "CHI"]
[WhiteElo "1709"]
[WhiteRD "98"]
[BlackElo "1659"]
[BlackRD "77"]
[GameID "239803"]

1. d4 d5 2. Nf3 Bf5 3. e3 Nc6 4. Bb5 Nf6 5. Nc3 e6 6. O-O Bd6 7. Re1 O-O 8. a3 a6 9. Bd3 Bxd3 10. Qxd3 Ne7
11. b4 b5 12. Ne2 c6 13. Nf4 Qc7 14. h3 Ne4 15. Rf1 h6 16. Nh5 Ng6 17. a4 Rfe8 18. Bb2 Bxb4 19. axb5 cxb5 20. Ng3 Nxg3
21. fxg3 Qxg3 22. Bc3 Bd6 23. Be1 Nf4 24. Bxg3 Nxd3 25. Bxd6 f6 26. cxd3
1-0

[Event "aston294"]
[Site "SchemingMind.com"]
[Date "2010.02.23"]
[Round "-"]
[White "olivsan"]
[Black "aston294"]
[Result "1-0"]
[WhiteCountry "BRA"]
[BlackCountry "ENG"]
[WhiteElo "1594"]
[WhiteRD "85"]
[BlackElo "947"]
[BlackRD "78"]
[GameID "239804"]

1. e4 e5 2. Nf3 Nc6 3. Bc4 Nf6 4. Ng5 h6 5. Nxf7 Qe7 6. Nxh8 Qc5 7. Bf7+ Ke7 8. Bg6 Nd4 9. c3 d6 10. cxd4 Qxd4
11. Qb3 Nxe4 12. Qf7+ Kd8 13. Qxf8+
1-0

[Event "aston294"]
[Site "SchemingMind.com"]
[Date "2010.02.24"]
[Round "-"]
[White "olivsan"]
[Black "chessleon"]
[Result "0-1"]
[WhiteCountry "BRA"]
[BlackCountry "NED"]
[WhiteElo "1594"]
[WhiteRD "85"]
[BlackElo "1528"]
[BlackRD "82"]
[GameID "239805"]

1. e4 c5 2. Nf3 Nc6 3. Bb5 g6 4. O-O Bg7 5. c3 a6 6. Ba4 b5 7. Bc2 Qc7 8. d4 cxd4 9. cxd4 d6 10. d5 Ne5
11. h3 Nxf3+ 12. Qxf3 Qxc2 13. Nc3 b4 14. Qe2 Qxe2 15. Nxe2 Nf6 16. Nd4 Bd7 17. Bf4 Nxe4 18. Rae1 Bxd4 19. Re2 Nxf2 20. Bxd6 Ne4+
21. Kh2 Nxd6 22. b3 Bb5 23. Rf4 Bxe2 24. Rxd4 O-O 25. Rxb4 a5 26. Rd4 Rfd8 27. a4 Nf5 28. Re4 Ba6
0-1

[Event "aston294"]
[Site "SchemingMind.com"]
[Date "2010.02.27"]
[Round "-"]
[White "olivsan"]
[Black "Schaakmaatje"]
[Result "0-1"]
[WhiteCountry "BRA"]
[BlackCountry "NED"]
[WhiteElo "1594"]
[WhiteRD "85"]
[BlackElo "1762"]
[BlackRD "46"]
[GameID "239806"]

1. e4 e5 2. Nf3 Nc6 3. Bc4 Bc5 4. c3 h6 5. O-O Nf6 6. d3 O-O 7. b4 Bd6 8. h3 a6 9. Be3 b5 10. Bb3 Ne7
11. Nbd2 c6 12. Re1 Bc7 13. a3 Ng6 14. d4 d5 15. exd5 e4 16. Ne5 Nxe5 17. dxc6 Nxc6 18. a4 Bb7 19. f3 exf3 20. Nxf3 Ne4
21. Qd3 Ng3 22. Bc2 f5 23. Bf2 Kh8 24. Bxg3 Bxg3 25. Rf1 Qd5 26. axb5 axb5 27. Rxa8 Bxa8 28. Nd2 Nxd4 29. Nf3 Nxc2 30. Qxc2 Qe4
31. Qxe4 fxe4 32. Nd2 Rxf1+ 33. Nxf1 Be5
0-1